| 000 | 00892nam a22002897a 4500 | ||
|---|---|---|---|
| 003 | SOt | ||
| 005 | 20260601171013.0 | ||
| 008 | 260505b1969\\\\enka||||\||||\00|\0\eng\d | ||
| 020 | _a853312370 | ||
| 040 |
_aICI _bspa _cICI |
||
| 041 | _aeng | ||
| 050 |
_aHM216 _bB53 1969 |
||
| 100 | 1 |
_aBlake, Avri,l and John, _eautor _933517 |
|
| 245 |
_aThe practical idealists : _btwenty-five years of designing for industry / _cJohn Blake y Avril Blake |
||
| 264 |
_aLondres : _bLund Humphries , _c1969 |
||
| 300 |
_a147 páginas : _bilustraciones |
||
| 336 |
_2rdacontent _atexto |
||
| 337 |
_2rdamedia _asin medio |
||
| 338 |
_2rdacarrier _avolumen |
||
| 650 |
_aIdealismo _933518 |
||
| 650 |
_aReformadores sociales _933519 |
||
| 650 |
_aCambio social _922757 |
||
| 650 |
_aFilosofía social _933520 |
||
| 650 |
_aConducta social _933521 |
||
| 700 | 1 |
_aBlake, Avril, _eeditor |
|
| 942 |
_2lcc _cB _n1 |
||
| 999 |
_c20599 _d20599 |
||